000 01889nam a2200349 a 4500
001 BRCA_3236
005 20190320204159.0
008 060309s1801----enka---###---#000-0#eng-#
041 _aeng
044 _aenk
084 _a537
_b.M55
_c1801
100 1 _aCervantes Saavedra, Miguel de
_d1547-1616
_9213
245 1 0 _aThe Life and Exploits of the Ingenious Gentleman Don Quixote de la Mancha
_cTranslation from the Original Sapanish of Miguel de Cervantes Saavedra by Charles Jarvis.
260 _aLondres
_bW. Miller
_c1801
300 _a4 v.
_bil.
_c25 cm.
_emapa plegable
500 _aContenido : v.1. Primera parte. Retrato de Cervantes. Prefacio del editor. Vida de Cervantes. Plan cronológico por V de los Ríos. Mapa del centro de España. Prólogo del autor. -- v.2. Texto. -- v.3. Segunda parte. Prólogo del autor. -- v.4. Texto
500 _aEdición : Now Carefully Revised and Corrected with a new Translation of the Spanish Poetry to which is Prefixed a Copious and new Life of Cervantes; Including a Critique on the Quixote also a Chronological plan of the Work Enbellished with new Engravings and a Map of a Part of Spain
500 _aEjemplar por completo igual al anterior [536]. Piel; lomos y planos decorados con dorados Lúdovik Osterc
500 _aCon ex-libris de : Federic Noel
500 _aIncluye notas al final de cada volumen
500 _aQM429
546 _aTexto en : inglés
650 1 4 _aNovela española
_yÉpoca clásica, 1500-1700
_9215
650 1 4 _aLiteratura española
_yÉpoca clásica, 1500-1700
_9216
650 1 4 _aNovela española
_ySiglo XVII
_9217
650 1 4 _aDon Quijote (Personaje ficticio)
_eNovela
_9218
700 1 _aJarvis, Charles
_d?-1739
_eTraductor
_98629
700 1 _aRíos, Vicente de los
_d1732-1779
_eBiógrafo
_98630
740 0 _aEl Ingenioso Hidalgo Don Quijote de la Mancha
902 _aQFM
942 _2lcc
_cB
999 _c2972
_d2972